| 000 | 01099nam a2200253Ia 4500 | ||
|---|---|---|---|
| 008 | 130821s2011 ck gr spa | ||
| 020 | _a978 958 731 069 6 | ||
| 040 |
_aCo-BoUCM _bspa |
||
| 041 | 0 | 0 | _aspa |
| 100 | 1 |
_aTamayo Jaramillo, Javier _d1946- |
|
| 245 | 1 | 3 |
_aLa decisión judicial _cJavier Tamayo Jaramillo |
| 260 |
_aBogotá (Colombia) _bDike _c2011 |
||
| 300 | _a1927 páginas (v. 1) | ||
| 490 | 0 | _aBiblioteca Jurídica Dike | |
| 505 | _aNaturaleza, hermenéutica y aplicación del derecho. | ||
| 505 | 0 |
_tEl nuevo derecho y el neoconstitucionalismo. -- _tEscuela sobre el ser y la interpretación del derecho. -- _tEl derecho como la teoría del poder. -- _tTeoría general de la hermenéutica. -- _tLa herramienta en el derecho colombiano. -- _tTeoría g |
|
| 650 |
_aFilosofía del derecho _915792 |
||
| 650 |
_aInterpretación del derecho _917899 |
||
| 650 | _aJustificación (Derecho) | ||
| 650 |
_aTeoría del derecho _925308 |
||
| 710 | 2 | _aColegio Mayor de Nuestra Señora del Rosario | |
| 942 |
_cLIBRO _a8 _e1 _mT728d _2DEWEY _h340.1 |
||
| 999 |
_c76823 _d76823 |
||